Comparative Approaches to Informal Housing Around the Globe/ (Record no. 608493)
[ view plain ]
| 000 -LEADER | |
|---|---|
| fixed length control field | 00366nam a22001337a 4500 |
| 020 ## - INTERNATIONAL STANDARD BOOK NUMBER | |
| International Standard Book Number | 9781787355224 |
| 040 ## - CATALOGING SOURCE | |
| Transcribing agency | 0 |
| 082 ## - DEWEY DECIMAL CLASSIFICATION NUMBER | |
| Classification number | 363.5 |
| Author Mark | COM |
| 245 00 - TITLE STATEMENT | |
| Title | Comparative Approaches to Informal Housing Around the Globe/ |
| Statement of responsibility, etc. | Edited by Udo Grashoff |
| 260 ## - PUBLICATION, DISTRIBUTION, ETC. | |
| Place of publication, distribution, etc. | London: |
| Name of publisher, distributor, etc. | UCL Press; |
| Date of publication, distribution, etc. | 2020. |
| 300 ## - PHYSICAL DESCRIPTION | |
| Extent | 267p.: |
| Other physical details | ill; |
| 700 1# - ADDED ENTRY--PERSONAL NAME | |
| Personal name | Grashoff,Udo |
| 9 (RLIN) | 121696 |
| 942 ## - ADDED ENTRY ELEMENTS (KOHA) | |
| Source of classification or shelving scheme | |
| Koha item type | Book |
| Withdrawn status | Lost status | Source of classification or shelving scheme | Damaged status | Not for loan | Permanent Location | Current Location | Date acquired | Source of acquisition | Total Checkouts | Total Renewals | Full call number | Barcode | Date last seen | Date last checked out | Cost, replacement price | Price effective from | Koha item type |
|---|---|---|---|---|---|---|---|---|---|---|---|---|---|---|---|---|---|
| School of Art Design and Architecture (SADA) | School of Art Design and Architecture (SADA) | 06/21/2023 | Golden Books | 1 | 1 | 363.5 COM 2020 | SADA0003016 | 02/04/2025 | 07/05/2024 | 13920.00 | 02/29/2024 | Book |
